| 000 | 00476 a2200169 4500 | ||
|---|---|---|---|
| 999 |
_c175 _d175 |
||
| 008 | 210810b ||||| |||| 00| 0 eng d | ||
| 020 | _a9781843117506 | ||
| 082 | 0 | 0 |
_a387.1068 _bA362 |
| 100 | _aAlderton, Pattrick | ||
| 245 |
_aPort management and operations / _cPatrick M. Alderton |
||
| 250 | _a3rd ed. | ||
| 260 |
_aNew York: _bRoutledge, _c2014. |
||
| 300 | _axii, 205 p. | ||
| 490 | 0 | _aLloyd's Practical Shipping Guides | |
| 650 | 0 | _aMarine Terminals | |
| 942 |
_2ddc _cBK |
||